003450000a22001210004500090001700000245005200017041001400069700002900083100003300112942001300145773004800158999001700206 aASbSeriadas10aLista de especies de Passifloraceae de Colombia0 aEspañol1 aBernal, Rodrigo G.937901 aHernández, Alexandra94623 cARTICULO1 tBiota Colombiana31061h3q320-335d2000g1 c15347d15347